000 01506cad a22002895a 4500
001 E149890
008 100512s2010 xxk f 000 0 eng d
020 _a9781409823933
035 _a(Sirsi) u149890
041 0 _aeng
050 0 4 _a692.2 $2 18
110 2 _aUnited Kingdom
_bDepartment for Communities and Local Government
_94939
245 0 0 _aProposals for amending part L and part F of the Building Regulations, consultation
_bsummary of responses
_h[electronic resource]
260 _aLondon
_bDCLG
_c2010
520 _aSets out responses received to the consultation on proposed changes to Part L (Conservation of Fuel and Power) and Part F (Means of Ventilation) of the Building Regulations which was published in 2009 (see L147909).
590 _aKA NTK
650 2 4 _aBUILDING REGULATIONS 2000 APPROVED DOCUMENT F (2006 EDITION)
650 2 4 _aBUILDING REGULATIONS 2000 APPROVED DOCUMENT L1A (2006 EDITION)
650 2 4 _aBUILDING REGULATIONS 2000 APPROVED DOCUMENT L2A (2006 EDITION)
650 2 4 _aBUILDING REGULATIONS 2000 APPROVED DOCUMENT L1B (2006 EDITION)
650 2 4 _aBUILDING REGULATIONS 2000 APPROVED DOCUMENT L2B (2006 EDITION)
651 4 _aEngland and Wales
_y1543-
690 _aBuilding regulations
_96224
690 _aENVIRONMENTAL AND LAND CONSULTANCY-ENERGY-ENERGY USE-ENERGY EFFICIENCY
856 4 0 _uhttps://www.communities.gov.uk/publications/planningandbuilding/partlf2010conresponses
_zView the report free of charge at www.communities.gov.uk...
942 _n0
999 _c110669
_d110669